000 00356nam a22001337a 4500
999 _c55061
_d55061
008 200205b ||||| |||| 00| 0 eng d
041 _aeng
080 _2043.3
_a043.3
082 _a043.3
100 _a0
101 _aBTH
245 _aNdikimi i Marketingut dhe Elementeve të tij në rritjen e Performancës së Bizneseve
_cHasani,Xh
942 _2udc
_cBK